00392 2200157 4500001002100000005001500021035002000036245005000056100001800106300002600124260002800150082000800178084001400186020002200200990001200222INLIS00000000000293720250917093121 a0010-09250002841 aRindu Terpisah Di Raja Ampat /cKirana Kejora0 aKirana Kejora a276 hlm ;c14 x 21 cm aJakarta :bZettu,c2015 a813 a813 KIR r a978-602-1298-60-2 a0755696